Prefabricación de elementos sencillos de hormigón
Salvato in:
| Ente Autore: | |
|---|---|
| Natura: | Libro |
| Lingua: | spagnolo |
| Pubblicazione: |
Santiago
I.CH.C.H
1985
|
| Serie: | Aportes Técnicos, 15
|
| Soggetti: | |
| Tags: |
Aggiungi Tag
Nessun Tag, puoi essere il primo ad aggiungerne!!
|
MARC
| LEADER | 00000nam a2200000 a 4500 | ||
|---|---|---|---|
| 001 | UCU7875 | ||
| 003 | CL-VaPUC | ||
| 008 | 960705e19850000CL |||||||||||||||||spa|d | ||
| 082 | 0 | 4 | |a 693.4 |b INS |2 21 |
| 110 | 2 | |a Instituto Chileno del Cemento y del Hormigón |e author |9 366999 | |
| 245 | 1 | 0 | |a Prefabricación de elementos sencillos de hormigón |
| 300 | |a 88 p | ||
| 942 | |c BK | ||
| 945 | |d 19960705 00:00:00 |a paguirre | ||
| 260 | |a Santiago |b I.CH.C.H |c 1985 | ||
| 650 | 0 | |a Construcción |9 260195 | |
| 650 | 7 | |a TECNOLOGIA DE LA CONSTRUCCION |2 CL-VaPUC |9 260196 | |
| 650 | 0 | |a Hormigones |9 262546 | |
| 650 | 7 | |a HORMIGON ARMADO |2 CL-VaPUC |9 367000 | |
| 650 | 7 | |a CONSTRUCCION PREFABRICADA |2 CL-VaPUC |9 364251 | |
| 583 | |a last modification |c 19960705 00:00:00 |k Rodrigo Vera | ||
| 490 | 0 | |a Aportes Técnicos, 15 | |
| 999 | |c 250433 |d 250431 | ||
| 952 | |0 0 |1 0 |4 0 |6 693_400000000000000_INS_1985 |7 0 |8 A |9 268419 |a BIBING |b BIBING |d 2019-11-19 |i 1702408 |o 693.4 INS 1985 |p 1702408 |r 2025-01-20 |w 2019-11-19 |y BK |k CCL | ||
| 952 | |0 0 |1 0 |4 0 |6 693_400000000000000_INS_1985 |7 0 |8 A |9 268420 |a BIBING |b BIBING |d 2019-11-19 |i 1702971 |o 693.4 INS 1985 |p 1702971 |r 2025-01-20 |w 2019-11-19 |y BK |k CCL | ||
| 952 | |0 0 |1 0 |4 0 |6 693_400000000000000_INS_1985 |7 0 |8 A |9 268422 |a BIBING |b BIBING |d 2019-11-19 |i 1702645 |o 693.4 INS 1985 |p 1702645 |r 2025-01-20 |w 2019-11-19 |y BK |k CCL | ||
| 952 | |0 0 |1 0 |4 0 |6 693_400000000000000_INS_1985 |7 0 |8 A |9 268423 |a BIBING |b BIBING |d 2019-11-19 |i 1702599 |o 693.4 INS 1985 |p 1702599 |r 2025-01-20 |w 2019-11-19 |y BK |k CCL | ||
| 952 | |0 0 |1 0 |4 0 |6 693_400000000000000_INS_1985 |7 0 |8 A |9 268424 |a BIBING |b BIBING |d 2019-11-19 |i 1702106 |o 693.4 INS 1985 |p 1702106 |r 2025-01-20 |w 2019-11-19 |y BK |k CCL | ||
| 952 | |0 0 |1 0 |4 0 |6 693_400000000000000_INS_1985 |7 0 |8 A |9 268425 |a BIBING |b BIBING |d 2019-11-19 |i 1702467 |o 693.4 INS 1985 |p 1702467 |r 2025-01-20 |w 2019-11-19 |y BK |k CCL | ||
| 952 | |0 0 |1 0 |4 0 |6 693_400000000000000_INS_1985 |7 0 |8 A |9 268428 |a BIBING |b BIBING |d 2019-11-19 |i 1702084 |o 693.4 INS 1985 |p 1702084 |r 2025-01-20 |w 2019-11-19 |y BK |k CCL | ||
| 952 | |0 0 |1 0 |4 0 |6 693_400000000000000_INS_1985 |7 0 |8 P |9 268429 |a BIBARQ |b BIBARQ |d 2019-11-19 |i 3223175 |o 693.4 INS 1985 |p 3223175 |r 2025-01-20 |w 2019-11-19 |y BK |k ARQ | ||